00646nam a2200229 a 4500001001300000003000900013005001700022008004100039020001200080082001600092100002100108245002600129260004200155300000900197500003500206505001000241700002100251902000800272942000700280952011400287999001500401nice12345678IN_TiNIC20260116011445.0050524s1960 phia grp 000 0 eng  ac74.2500a220.93bWRI aWright, G Ernest aBiblical Archaeology. aPhiladelphiabWestminster Pressc1960 a198p aincludes index and biblioraphy2 aIndex1 aWright, G Ernest bSRS cBK 001040708StackRoom-aHMIbHMId2007-06-18g74.25l0o220.93 WRIp02792r2007-06-18v74.25w2005-05-24yBK c1702d1702